000 00496nam a2200193Ia 4500
003 GCL
008 140319s9999 xx 000 0 eng d
040 _aGCL /
_cGCL
082 0 4 _a572.2
_bM H
100 1 _aMELLERS, PAIL
245 1 0 _aTHE HUMAN REVOLUTION /
_cMELLERS, PAIL
700 1 _aSTRINYER, CHRISTOPHER
260 _a[S.N] :
_bEDINBURGH UNIVERSITY PRESS ،
_c1989
300 _a800 P
650 0 4 _aBIOLOGICAL
650 0 4 _aPERSPECTIVE
650 0 4 _aMAN EVOLUTION
942 _2ddc
_cBK
999 _c24203
_d24203